[Event "DVM U12 2021"]
[Site "Naumburg (Saale) GER"]
[Date "2022.03.28"]
[Round "6"]
[White "Rudolph, Simon"]
[Black "Roos Nazario, Valentin"]
[Result "1-0"]
[Termination "normal"]
[Board "9.2"]
[WhiteElo "1403"]
[BlackElo "1140"]
[WhiteTeam "SC Leipzig-Lindenau"]
[BlackTeam "Tischtennisclub Grün-Weiß Fritzdorf 1958 e. V."]
[WhiteFideId "34617078"]
[BlackFideId "16295722"]
[EventCountry "GER"]
[EventRounds "6"]
[EventType "team-swiss"]
[EventDate "2022.03.24"]

1. d4 d5 2. Nf3 Nf6 3. g3 g6 4. Bg2 Bg7 5. O-O O-O 6. Nc3 c6 7. e3 Nbd7 8. b4
b5 9. a3 Nb6 10. Bd2 Bb7 11. h3 Nc4 12. a4 a6 13. Be1 Qc7 14. Nd2 Nxd2 15. Bxd2
Nd7 16. a5 e5 17. Ne2 e4 18. Rb1 Nf6 19. Nf4 Bc8 20. Ne2 Ne8 21. Nc1 Nd6 22.
Ne2 Nc4 23. Kh2 Bd7 24. Nc1 f5 25. Nb3 g5 26. f4 g4 27. h4 Rf6 28. Rh1 Bf8 29.
Bf1 Rd8 30. Bxc4 dxc4 31. Nc1 Be6 32. c3 Rf7 33. Kg2 Rfd7 34. Qc2 c5 35. Ne2
cxd4 36. Nxd4 Bf7 37. Rbd1 Rd5 38. Rh2 Bg7 39. Bc1 Bxd4 40. cxd4 c3 41. Bd2 Rc8
42. Be1 Qc4 43. Rb1 Rd6 44. Rc1 Rdc6 45. Kg1 Qd3 46. Re2 Bb3 47. Qxb3+ Rc4 48.
Kf2 Kg7 49. Rec2 Kg6 50. Rxc3 Rxc3 51. Rxc3 Rxc3 52. Qxc3 Qd1 53. Qc6+ Kg7 54.
Qd7+ Kg8 55. Qe6+ Kg7 56. Qxf5 Qf3+ 57. Kg1 Qxe3+ 58. Bf2 Qf3 59. Qg5+ Kf7 60.
Qd5+ Kg7 61. Qd7+ Kg8 62. Qc8+ Kg7 63. Qc1 Qb3 64. Be1 Qe6 65. Qc7+ Kg8 66. Bc3
e3 67. d5 Qg6 68. Qd8+ Kf7 69. Qd7+ Kf8 70. Qg7+ Qxg7 71. Bxg7+ Kxg7 72. Kf1
Kf7 73. Ke2 Ke7 1-0

[Event "DVM U12 2021"]
[Site "Naumburg (Saale) GER"]
[Date "2022.03.28"]
[Round "6"]
[White "Mombauer, Felix"]
[Black "Göllnitz, Aaron"]
[Result "0-1"]
[Termination "normal"]
[Board "9.3"]
[WhiteElo "1240"]
[BlackElo "1150"]
[WhiteTeam "Tischtennisclub Grün-Weiß Fritzdorf 1958 e. V."]
[BlackTeam "SC Leipzig-Lindenau"]
[WhiteFideId "34608249"]
[BlackFideId "34617183"]
[EventCountry "GER"]
[EventRounds "6"]
[EventType "team-swiss"]
[EventDate "2022.03.24"]

1. d4 d5 2. c4 Nf6 3. Nc3 g6 4. Nf3 Bg7 5. Bf4 O-O 6. Qd2 b6 7. Bh6 Bb7 8. Bxg7
Kxg7 9. e3 Nbd7 10. cxd5 Nxd5 11. Nxd5 Bxd5 12. Bd3 Bb7 13. h4 c5 14. h5 Qc7
15. hxg6 hxg6 16. e4 Rh8 17. Rxh8 Rxh8 18. Ke2 Nf6 19. Ng5 cxd4 20. Rc1 Qe5 21.
Nf3 Qd6 22. Qc2 Rc8 23. Qd2 Rxc1 24. Qxc1 Nxe4 25. Qc4 Nf6 26. Qa4 Bxf3+ 27.
gxf3 a5 28. Qc2 Nd5 29. Be4 Nf4+ 30. Kd2 d3 31. Bxd3 Nxd3 32. Qxd3 Kf6 33.
Qxd6+ exd6 34. Kd3 Ke6 35. a4 d5 36. Kd4 Kd6 37. b3 g5 38. Kd3 Ke5 39. Ke3 f5
40. Kd3 g4 41. fxg4 fxg4 42. Ke3 d4+ 43. Kd3 Kd5 44. Kc2 Ke4 45. Kd2 Kf3 46.
Kd3 Kxf2 47. Kxd4 g3 48. Kc4 g2 49. Kb5 g1=Q 50. Kxb6 Qg5 0-1

[Event "DVM U12 2021"]
[Site "Naumburg (Saale) GER"]
[Date "2022.03.28"]
[Round "6"]
[White "Strubelt, Björn"]
[Black "Mende, Magnus"]
[Result "0-1"]
[Termination "normal"]
[Board "9.4"]
[WhiteElo "1079"]
[BlackElo "737"]
[WhiteTeam "SC Leipzig-Lindenau"]
[BlackTeam "Tischtennisclub Grün-Weiß Fritzdorf 1958 e. V."]
[WhiteFideId "34617019"]
[BlackFideId "34617124"]
[EventCountry "GER"]
[EventRounds "6"]
[EventType "team-swiss"]
[EventDate "2022.03.24"]

1. e4 e5 2. Nf3 Nc6 3. Nc3 Nf6 4. a3 Bc5 5. Nxe5 Nxe5 6. d4 Bd6 7. f4 Ng6 8. e5
Be7 9. exf6 Bxf6 10. Nd5 c6 11. Nxf6+ Qxf6 12. Qe2+ Qe7 13. Qxe7+ Nxe7 14. c3
O-O 15. Be2 Re8 16. O-O Nd5 17. Bd3 d6 18. c4 Nf6 19. Bd2 Ng4 20. h3 Ne3 21.
Rae1 Bf5 22. Rf3 Bxd3 23. Rfxe3 Rxe3 24. Rxe3 Bxc4 25. Bb4 d5 26. b3 Bb5 27. a4
Ba6 28. Bc5 b6 29. Bb4 h6 30. Rc3 Rc8 31. Rc2 b5 32. axb5 cxb5 33. Rc5 Rxc5 34.
dxc5 Bb7 35. g4 f6 36. Kf2 Kf7 37. Kg3 g5 38. h4 gxh4+ 39. Kxh4 Kg6 40. Bc3 f5
41. b4 Bc8 42. g5 hxg5+ 43. fxg5 Bb7 44. Bd4 a6 45. Bc3 d4 46. Bxd4 f4 47. Kg4
f3 48. Kf4 a5 49. c6 Bxc6 50. bxa5 b4 51. a6 b3 52. a7 b2 53. a8=Q Bxa8 54.
Bxb2 f2 55. Bd4 f1=Q+ 56. Bf2 Qxf2+ 57. Kg4 Qg2+ 58. Kh4 Qxg5+ 59. Kh3 Bh1 60.
Kh2 Qg2# 0-1

[Event "DVM U12w 2021"]
[Site "Willingen GER"]
[Date "2022.08.13"]
[Round "1"]
[White "Glotz, Diana"]
[Black "Fomenkova, Elina"]
[Result "1-0"]
[Termination "normal"]
[Board "1.2"]
[WhiteElo "1116"]
[BlackElo "1049"]
[WhiteClock "00:43:30"]
[BlackClock "00:34:39"]
[WhiteTeam "SSV Altenberg"]
[BlackTeam "Hamburger SK 1830"]
[PlyCount "73"]
[WhiteFideId "16278500"]
[BlackFideId "34623760"]
[EventCountry "GER"]
[EventRounds "7"]
[EventType "team-swiss"]
[EventDate "2022.08.12"]

1. c4 {[%clk 01:30:55]} {[%emt 00:00:03]} e5 {[%clk 01:31:19]} 2. Nc3 {[%clk
01:31:19]} Nc6 {[%clk 01:31:41]} 3. g3 {[%clk 01:31:41]} f5 {[%clk 01:31:50]}
4. Bg2 {[%clk 01:31:53]} Nf6 {[%clk 01:31:03]} 5. d3 {[%clk 01:32:08]} Bb4
{[%clk 01:30:14]} 6. Bd2 {[%clk 01:32:17]} O-O {[%clk 01:25:38]} 7. e3 {[%clk
01:31:46]} d6 {[%clk 01:25:05]} 8. Nge2 {[%clk 01:28:39]} Qe8 {[%clk 01:13:59]}
9. Qc2 {[%clk 01:26:39]} Kh8 {[%clk 01:13:27]} 10. O-O {[%clk 01:26:09]} Bxc3
{[%clk 01:13:43]} 11. Nxc3 {[%clk 01:25:01]} Qh5 {[%clk 01:12:26]} 12. Qd1
{[%clk 01:19:42]} Qh6 {[%clk 00:58:45]} 13. Nd5 {[%clk 01:16:49]} f4 {[%clk
00:51:37]} 14. exf4 {[%clk 01:11:27]} Ng4 {[%clk 00:43:28]} 15. h3 {[%clk
01:08:18]} Nf6 {[%clk 00:43:00]} 16. fxe5 {[%clk 01:08:21]} g5 {[%clk
00:42:12]} 17. exf6 {[%clk 01:06:26]} Bxh3 {[%clk 00:39:19]} 18. Bxg5 {[%clk
01:04:41]} Qxg5 {[%clk 00:39:14]} 19. Bxh3 {[%clk 01:03:17]} Ne5 {[%clk
00:38:28]} 20. Nxc7 {[%clk 00:59:14]} Qh6 {[%clk 00:35:53]} 21. Kg2 {[%clk
00:59:02]} Rab8 {[%clk 00:36:02]} 22. Nd5 {[%clk 00:55:54]} Rg8 {[%clk
00:33:47]} 23. Rh1 {[%clk 00:50:40]} Qg6 {[%clk 00:33:26]} 24. Ne7 {[%clk
00:50:31]} Qxf6 {[%clk 00:33:45]} 25. Nxg8 {[%clk 00:50:39]} Kxg8 {[%clk
00:32:43]} 26. Qh5 {[%clk 00:43:51]} Nxd3 {[%clk 00:32:38]} 27. Qd5+ {[%clk
00:43:15]} Kg7 {[%clk 00:32:47]} 28. Qxd3 {[%clk 00:42:40]} Rf8 {[%clk
00:32:53]} 29. Qc3 {[%clk 00:42:53]} Kg8 {[%clk 00:33:13]} 30. Qxf6 {[%clk
00:43:16]} Rxf6 {[%clk 00:33:33]} 31. Rae1 {[%clk 00:43:26]} a5 {[%clk
00:33:42]} 32. Bd7 {[%clk 00:43:34]} Kg7 {[%clk 00:33:51]} 33. Re7+ {[%clk
00:43:05]} Kg6 {[%clk 00:34:10]} 34. Be8+ {[%clk 00:43:24]} Kg5 {[%clk
00:34:18]} 35. Rh5+ {[%clk 00:43:31]} Kg4 {[%clk 00:34:39]} 36. Re4+ {[%clk
00:43:30]} Rf4 37. Rxf4# {[%emt 02:18:55]} 1-0

[Event "DVM U12w 2021"]
[Site "Willingen GER"]
[Date "2022.08.13"]
[Round "1"]
[White "Belkina, Elisabeth"]
[Black "Hefele, Stefanie"]
[Result "1-0"]
[Termination "normal"]
[Board "3.2"]
[WhiteElo "1126"]
[BlackElo "1180"]
[WhiteClock "00:32:49"]
[BlackClock "00:16:19"]
[WhiteTeam "SC Weisse Dame"]
[BlackTeam "TV Tegernsee"]
[PlyCount "101"]
[WhiteFideId "16286480"]
[BlackFideId "34612041"]
[EventCountry "GER"]
[EventRounds "7"]
[EventType "team-swiss"]
[EventDate "2022.08.12"]

1. d4 {[%clk 01:30:49]} {[%emt 00:00:02]} d5 {[%clk 01:31:20]} 2. Nf3 {[%clk
01:31:08]} Nc6 {[%clk 01:31:37]} 3. Bf4 {[%clk 01:31:18]} Bf5 {[%clk 01:31:39]}
4. e3 {[%clk 01:31:27]} e6 {[%clk 01:31:54]} 5. c4 {[%clk 01:28:13]} Bb4+
{[%clk 01:32:11]} 6. Nc3 {[%clk 01:27:21]} Nf6 {[%clk 01:28:27]} 7. Bd3 {[%clk
01:20:23]} dxc4 {[%clk 01:21:49]} 8. Bxf5 {[%clk 01:20:21]} exf5 {[%clk
01:17:36]} 9. O-O {[%clk 01:20:28]} O-O {[%clk 01:13:43]} 10. Qc2 {[%clk
01:18:22]} Bxc3 {[%clk 01:11:50]} 11. bxc3 {[%clk 01:17:35]} Qd7 {[%clk
01:04:15]} 12. Be5 {[%clk 01:10:58]} Ng4 {[%clk 00:57:00]} 13. Bf4 {[%clk
01:08:54]} h6 {[%clk 00:52:32]} 14. Bg3 {[%clk 00:59:06]} g5 {[%clk 00:44:32]}
15. h4 {[%clk 00:54:52]} gxh4 {[%clk 00:43:38]} 16. Nxh4 {[%clk 00:54:31]} Ne7
{[%clk 00:40:13]} 17. Rab1 {[%clk 00:53:54]} Rab8 {[%clk 00:37:22]} 18. Rfd1
{[%clk 00:52:59]} Rfc8 {[%clk 00:30:35]} 19. Bf4 {[%clk 00:49:02]} Qe6 {[%clk
00:28:29]} 20. Re1 {[%clk 00:46:49]} Qf6 {[%clk 00:26:14]} 21. g3 {[%clk
00:42:15]} Qe6 {[%clk 00:24:03]} 22. f3 {[%clk 00:41:51]} Nf6 {[%clk 00:23:41]}
23. Bxh6 {[%clk 00:40:11]} Nh5 {[%clk 00:22:27]} 24. Bf4 {[%clk 00:40:20]} Nxf4
{[%clk 00:22:06]} 25. exf4 {[%clk 00:39:39]} Qf6 {[%clk 00:17:58]} 26. Re5
{[%clk 00:35:18]} Re8 {[%clk 00:17:16]} 27. Nxf5 {[%clk 00:35:42]} Nxf5 {[%clk
00:16:51]} 28. Rxf5 {[%clk 00:34:49]} Qe6 {[%clk 00:15:17]} 29. Re5 {[%clk
00:34:15]} Qc6 {[%clk 00:13:32]} 30. Qe4 {[%clk 00:33:54]} Qxe4 {[%clk
00:13:44]} 31. Rxe4 {[%clk 00:34:12]} Rxe4 {[%clk 00:14:01]} 32. fxe4 {[%clk
01:30:49]} b6 {[%clk 00:14:21]} {[%emt 02:44:34]} 33. e5 {[%clk 00:34:04]} Kg7
{[%clk 00:14:20]} 34. g4 {[%clk 00:34:16]} Rh8 {[%clk 00:14:21]} 35. Kg2 {[%clk
00:33:55]} f6 {[%clk 00:14:31]} 36. e6 {[%clk 00:34:09]} Re8 {[%clk 00:14:42]}
37. f5 {[%clk 00:34:27]} Kh6 {[%clk 00:14:38]} 38. Kf3 {[%clk 00:34:32]} Kg5
{[%clk 00:14:47]} 39. d5 {[%clk 00:34:32]} Rd8 {[%clk 00:15:01]} 40. Rd1 {[%clk
00:34:41]} c6 {[%clk 00:15:23]} 41. d6 {[%clk 00:33:42]} Rh8 {[%clk 00:15:04]}
42. Kg3 {[%clk 00:33:10]} a5 {[%clk 00:14:40]} 43. d7 {[%clk 00:32:01]} b5
{[%clk 00:15:00]} 44. d8=Q {[%clk 00:32:28]} Rxd8 {[%clk 00:15:11]} 45. Rxd8
{[%clk 00:32:48]} b4 {[%clk 00:15:16]} 46. cxb4 {[%clk 00:32:56]} c3 {[%clk
00:15:40]} 47. Rd1 {[%clk 00:33:08]} axb4 {[%clk 00:15:47]} 48. Rc1 {[%clk
00:32:39]} c5 {[%clk 00:16:09]} 49. e7 {[%clk 00:32:36]} c4 {[%clk 00:16:19]}
50. e8=Q {[%clk 00:32:49]} b3 51. Qg6# {[%emt 00:17:27]} 1-0

[Event "DVM U12w 2021"]
[Site "Willingen GER"]
[Date "2022.08.13"]
[Round "1"]
[White "Leicher, Anna"]
[Black "Marrufo, Emilia"]
[Result "1-0"]
[Termination "normal"]
[Board "5.2"]
[WhiteElo "1252"]
[BlackElo "970"]
[WhiteClock "00:39:06"]
[BlackClock "00:51:03"]
[WhiteTeam "FC Bayern München"]
[BlackTeam "SV Werder Bremen"]
[PlyCount "65"]
[WhiteFideId "34614966"]
[BlackFideId "16287363"]
[EventCountry "GER"]
[EventRounds "7"]
[EventType "team-swiss"]
[EventDate "2022.08.12"]

1. e4 {[%clk 01:30:48]} {[%emt 00:00:04]} e5 {[%clk 01:31:15]} 2. Nf3 {[%clk
01:30:44]} Nc6 {[%clk 01:31:13]} 3. d4 {[%clk 01:24:19]} d6 {[%clk 01:30:23]}
4. dxe5 {[%clk 01:21:17]} Nxe5 {[%clk 01:30:07]} 5. Nxe5 {[%clk 01:20:59]} dxe5
{[%clk 01:29:25]} 6. Qxd8+ {[%clk 01:21:08]} Kxd8 {[%clk 01:28:10]} 7. Nc3
{[%clk 01:20:19]} Nf6 {[%clk 01:26:29]} 8. Bd3 {[%clk 01:19:26]} h6 {[%clk
01:25:33]} 9. O-O {[%clk 01:18:35]} a6 {[%clk 01:23:52]} 10. b3 {[%clk
01:17:59]} Bc5 {[%clk 01:19:03]} 11. Be3 {[%clk 01:14:49]} Bb4 {[%clk
01:16:27]} 12. Nd5 {[%clk 01:12:49]} Nxd5 {[%clk 01:16:23]} 13. exd5 {[%clk
01:12:01]} Bc3 {[%clk 01:16:14]} 14. Rad1 {[%clk 01:08:38]} g5 {[%clk
01:13:59]} 15. Be2 {[%clk 01:06:56]} f5 {[%clk 01:13:16]} 16. d6 {[%clk
01:04:59]} Bd7 {[%clk 01:11:46]} 17. dxc7+ {[%clk 01:05:04]} Kxc7 {[%clk
01:09:41]} 18. a3 {[%clk 01:02:06]} f4 {[%clk 01:08:52]} 19. Rd3 {[%clk
00:59:35]} Bb2 {[%clk 01:07:52]} 20. Bc5 {[%clk 00:55:38]} Bb5 {[%clk
01:06:14]} 21. c4 {[%clk 00:55:13]} Bc6 {[%clk 01:00:02]} {[%emt 01:23:27]} 22.
Rfd1 {[%clk 00:53:02]} e4 {[%clk 00:57:57]} 23. Bd6+ {[%clk 00:51:30]} Kd7
{[%clk 00:57:34]} 24. R3d2 {[%clk 00:50:40]} Bc3 {[%clk 00:56:48]} 25. Rc2
{[%clk 00:47:56]} Ba5 {[%clk 00:55:49]} 26. Bb4+ {[%clk 00:45:53]} Kc8 {[%clk
00:55:08]} 27. Bg4+ {[%clk 00:45:36]} Kb8 {[%clk 00:55:06]} 28. Bxa5 {[%clk
00:43:32]} Ka7 {[%clk 00:53:21]} 29. c5 {[%clk 00:41:27]} h5 {[%clk 00:53:32]}
30. Bb6+ {[%clk 00:41:22]} Kb8 {[%clk 00:53:39]} 31. Rcd2 {[%clk 00:38:38]}
hxg4 {[%clk 00:53:51]} 32. Rd8+ {[%clk 00:39:06]} Rxd8 {[%clk 00:51:03]} 33.
Rxd8# {[%emt 00:41:35]} 1-0

[Event "DVM U12w 2021"]
[Site "Willingen GER"]
[Date "2022.08.13"]
[Round "2"]
[White "Mauhs, Helena"]
[Black "Fruth, Julia"]
[Result "0-1"]
[Termination "normal"]
[Board "2.3"]
[WhiteElo "857"]
[BlackElo "1028"]
[WhiteClock "01:11:34"]
[BlackClock "00:28:00"]
[WhiteTeam "FC Bayern München"]
[BlackTeam "USG Chemnitz"]
[PlyCount "80"]
[WhiteFideId "34630279"]
[BlackFideId "34603050"]
[EventCountry "GER"]
[EventRounds "7"]
[EventType "team-swiss"]
[EventDate "2022.08.12"]

1. e4 {[%clk 01:30:56]} {[%emt 00:00:03]} c5 {[%clk 01:30:55]} {[%emt
00:00:05]} 2. Bc4 {[%clk 01:31:15]} {[%emt 00:00:10]} d6 {[%clk 01:31:20]}
{[%emt 00:00:07]} 3. Nf3 {[%clk 01:31:21]} {[%emt 00:00:23]} Nf6 {[%clk
01:31:40]} {[%emt 00:00:10]} 4. Nc3 {[%clk 01:31:41]} {[%emt 00:00:11]} a6
{[%clk 01:31:57]} {[%emt 00:00:13]} 5. Bb3 {[%clk 01:31:25]} {[%emt 00:00:43]}
e6 {[%clk 01:31:45]} {[%emt 00:00:44]} 6. d4 {[%clk 01:31:38]} {[%emt
00:00:17]} Nbd7 {[%clk 01:31:56]} {[%emt 00:00:19]} 7. e5 {[%clk 01:31:05]}
{[%emt 00:01:02]} dxe5 {[%clk 01:27:22]} {[%emt 00:05:04]} 8. dxe5 {[%clk
01:30:59]} {[%emt 00:00:37]} Ng4 {[%clk 01:26:40]} {[%emt 00:01:11]} 9. h3
{[%clk 01:30:34]} {[%emt 00:00:56]} Ngxe5 {[%clk 01:26:59]} {[%emt 00:00:12]}
10. Bf4 {[%clk 01:30:28]} {[%emt 00:00:35]} Nc6 {[%clk 01:25:58]} {[%emt
00:01:30]} 11. Qe2 {[%clk 01:28:42]} {[%emt 00:02:17]} Be7 {[%clk 01:25:16]}
{[%emt 00:01:13]} 12. O-O-O {[%clk 01:28:08]} {[%emt 00:01:03]} O-O {[%clk
01:24:41]} {[%emt 00:01:04]} 13. Qe4 {[%clk 01:26:45]} {[%emt 00:01:48]} Ra7
{[%clk 01:16:39]} {[%emt 00:08:29]} 14. h4 {[%clk 01:26:13]} {[%emt 00:01:09]}
Na5 {[%clk 01:16:16]} {[%emt 00:00:53]} 15. Bg5 {[%clk 01:25:42]} {[%emt
00:01:03]} h6 {[%clk 01:15:47]} {[%emt 00:00:59]} 16. Rd3 {[%clk 01:23:37]}
{[%emt 00:02:35]} b5 {[%clk 01:13:55]} {[%emt 00:02:20]} 17. Re3 {[%clk
01:22:30]} {[%emt 00:01:40]} c4 {[%clk 01:12:44]} {[%emt 00:01:40]} 18. Nd4
{[%clk 01:21:11]} {[%emt 00:01:47]} cxb3 {[%clk 01:11:50]} {[%emt 00:01:26]}
19. axb3 {[%clk 01:20:55]} {[%emt 00:00:47]} Bb7 {[%clk 01:09:41]} {[%emt
00:02:36]} 20. Qd3 {[%clk 01:21:00]} {[%emt 00:00:27]} Bxg2 {[%clk 01:04:55]}
{[%emt 00:05:16]} 21. Rh2 {[%clk 01:20:42]} {[%emt 00:00:48]} Bxg5 {[%clk
00:58:53]} {[%emt 00:06:31]} 22. hxg5 {[%clk 01:20:40]} {[%emt 00:00:34]} Qxg5
{[%clk 00:59:02]} {[%emt 00:00:19]} 23. Kb1 {[%clk 01:20:07]} {[%emt 00:01:05]}
Be4 {[%clk 00:53:13]} {[%emt 00:06:15]} 24. Qxe4 {[%clk 01:18:03]} {[%emt
00:02:36]} Qg1+ {[%clk 00:53:17]} {[%emt 00:00:27]} 25. Ka2 {[%clk 01:17:25]}
{[%emt 00:01:08]} Qxh2 {[%clk 00:52:55]} {[%emt 00:00:52]} 26. b4 {[%clk
01:16:53]} {[%emt 00:01:03]} Nc4 {[%clk 00:49:53]} {[%emt 00:03:32]} 27. Rg3
{[%clk 01:16:18]} {[%emt 00:01:01]} a5 {[%clk 00:47:46]} {[%emt 00:02:39]} 28.
Qg4 {[%clk 01:15:53]} {[%emt 00:00:55]} axb4+ {[%clk 00:47:29]} {[%emt
00:00:48]} 29. Kb3 {[%clk 01:16:05]} {[%emt 00:00:17]} g6 {[%clk 00:44:16]}
{[%emt 00:03:44]} 30. Nxe6 {[%clk 01:16:04]} {[%emt 00:00:31]} Nde5 {[%clk
00:37:48]} {[%emt 00:06:54]} 31. Qf4 {[%clk 01:14:55]} {[%emt 00:01:35]} Qh1
{[%clk 00:34:18]} {[%emt 00:04:02]} 32. Qf6 {[%clk 01:13:58]} {[%emt 00:01:32]}
fxe6 {[%clk 00:33:55]} {[%emt 00:00:54]} 33. Qxe6+ {[%clk 01:13:56]} {[%emt
00:00:32]} Kg7 {[%clk 00:32:20]} {[%emt 00:02:03]} 34. Qh3 {[%clk 01:11:56]}
{[%emt 00:02:08]} bxc3 {[%clk 00:30:16]} {[%emt 00:02:58]} 35. Qxh1 {[%clk
01:11:55]} {[%emt 00:00:31]} cxb2 {[%clk 00:28:23]} {[%emt 00:02:23]} 36. Rh3
{[%clk 01:11:48]} {[%emt 00:00:36]} Ra3+ {[%clk 00:27:56]} {[%emt 00:00:57]}
37. Kb4 {[%clk 01:12:03]} {[%emt 00:00:15]} Rxh3 {[%clk 00:27:52]} {[%emt
00:00:34]} 38. Qb7+ {[%clk 01:11:45]} {[%emt 00:00:48]} Kh8 {[%clk 00:27:33]}
{[%emt 00:00:48]} 39. Qg2 {[%clk 01:11:22]} {[%emt 00:00:53]} b1=Q+ {[%clk
00:27:48]} {[%emt 00:00:15]} 40. Kc3 {[%clk 01:11:34]} {[%emt 00:00:19]} Qb2#
{[%clk 00:28:00]} {[%emt 00:00:16]} 0-1

[Event "DVM U12w 2021"]
[Site "Willingen GER"]
[Date "2022.08.13"]
[Round "2"]
[White "Blome, Antonia"]
[Black "Bykov, Sophia"]
[Result "1-0"]
[Termination "normal"]
[Board "5.4"]
[WhiteElo "823"]
[BlackElo "896"]
[WhiteClock "01:23:22"]
[BlackClock "01:14:23"]
[WhiteTeam "Hamburger SK 1830"]
[BlackTeam "Karlsruher SF 1853"]
[PlyCount "101"]
[WhiteFideId "34630090"]
[BlackFideId "34630104"]
[EventCountry "GER"]
[EventRounds "7"]
[EventType "team-swiss"]
[EventDate "2022.08.12"]

1. d4 {[%clk 01:30:53]} d5 {[%clk 01:31:23]} 2. Bf4 {[%clk 01:31:08]} Nc6
{[%clk 01:31:35]} 3. e3 {[%clk 01:31:28]} Nf6 {[%clk 01:31:56]} 4. h3 {[%clk
01:31:52]} e6 {[%clk 01:32:17]} 5. Nf3 {[%clk 01:31:44]} Bb4+ {[%clk 01:32:40]}
6. c3 {[%clk 01:32:09]} Ba5 {[%clk 01:32:40]} 7. b4 {[%clk 01:32:32]} Bb6
{[%clk 01:32:36]} 8. Ne5 {[%clk 01:32:34]} O-O {[%clk 01:32:19]} 9. Be2 {[%clk
01:32:29]} a5 {[%clk 01:32:02]} 10. b5 {[%clk 01:32:08]} Ne7 {[%clk 01:31:36]}
11. Nd2 {[%clk 01:32:25]} c6 {[%clk 01:31:05]} 12. bxc6 {[%clk 01:32:48]} bxc6
{[%clk 01:30:58]} 13. O-O {[%clk 01:32:30]} Ba6 {[%clk 01:30:29]} 14. c4 {[%clk
01:32:28]} Ne4 {[%clk 01:29:31]} 15. Nxe4 {[%clk 01:32:51]} dxe4 {[%clk
01:28:17]} 16. Bh5 {[%clk 01:32:47]} f6 {[%clk 01:26:13]} 17. Ng4 {[%clk
01:32:45]} Bxc4 {[%clk 01:26:02]} 18. Re1 {[%clk 01:32:59]} Nf5 {[%clk
01:20:46]} 19. Qa4 {[%clk 01:32:20]} Bb5 {[%clk 01:20:57]} 20. Qd1 {[%clk
01:32:21]} e5 {[%clk 01:20:42]} 21. Qb3+ {[%clk 01:31:56]} Kh8 {[%clk
01:20:02]} 22. dxe5 {[%clk 01:31:44]} a4 {[%clk 01:18:30]} 23. Qe6 {[%clk
01:30:06]} Nh6 {[%clk 01:18:11]} 24. Bxh6 {[%clk 01:30:01]} gxh6 {[%clk
01:17:49]} 25. Nxh6 {[%clk 01:27:49]} Qd5 {[%clk 01:13:35]} 26. Qe7 {[%clk
01:27:36]} Bc5 {[%clk 01:12:03]} 27. Qb7 {[%clk 01:27:17]} Qxe5 {[%clk
01:12:08]} 28. Qf7 {[%clk 01:27:22]} Rxf7 {[%clk 01:12:32]} 29. Nxf7+ {[%clk
01:27:31]} Kg8 {[%clk 01:13:00]} 30. Nxe5 {[%clk 01:27:12]} Bd6 {[%clk
01:13:00]} 31. Ng4 {[%clk 01:26:06]} Bc7 {[%clk 01:12:09]} 32. Nxf6+ {[%clk
01:26:21]} Kg7 {[%clk 01:12:19]} 33. Nxe4 {[%clk 01:25:35]} Be5 {[%clk
01:12:33]} 34. Rad1 {[%clk 01:25:32]} a3 {[%clk 01:12:04]} 35. Be2 {[%clk
01:25:50]} Ba4 {[%clk 01:12:16]} 36. Rd7+ {[%clk 01:25:52]} Kh6 {[%clk
01:11:59]} 37. Bd1 {[%clk 01:25:41]} Bb5 {[%clk 01:12:00]} 38. Nd6 {[%clk
01:25:32]} Bd3 {[%clk 01:12:18]} 39. Nf7+ {[%clk 01:25:51]} Kg6 {[%clk
01:12:42]} 40. Nxe5+ {[%clk 01:25:50]} Kf6 {[%clk 01:12:47]} 41. Nxd3 {[%clk
01:24:57]} Ra4 {[%clk 01:13:02]} 42. Bxa4 c5 {[%emt 01:06:34]} 43. Nxc5 {[%emt
00:00:02]} h5 {[%emt 00:00:08]} 44. g4 {[%clk 01:22:58]} {[%emt 00:00:06]} hxg4
{[%clk 01:13:26]} 45. hxg4 {[%clk 01:23:23]} Kg5 {[%clk 01:13:40]} 46. Rd4 Kh6
{[%emt 00:00:43]} 47. Rd5 {[%emt 00:00:06]} Kh7 {[%emt 00:00:20]} 48. Rd6
{[%clk 01:22:33]} {[%emt 00:00:14]} Kg7 {[%clk 01:14:03]} 49. Rb1 {[%clk
01:22:57]} Kf8 {[%clk 01:14:23]} 50. Rd7 {[%clk 01:23:22]} Ke8 51. Rb8# {[%emt
00:01:08]} 1-0